000 00598nam a22002177a 4500
003 OSt
005 20180321142518.0
008 180321b xxu||||| |||| 00| 0 eng d
020 _a9789351645306
020 _a8185790302
040 _cDNLM
082 _aQV752 K527p 2017
100 _aKhandelwal, K.R.; Sethi, Vrunda K.
_912560
245 _aPractical Pharmacognosy: technique and experiments
250 _a28th ed.
260 _aShivaji Nagar; Niral Prakashan, 2017
300 _a[230]p; ill: 24cm
504 _aAppendices included
650 _aPharmacognosy
_912561
942 _2z
_cB_BANK
999 _c6068
_d6068